000 00722nam a22001817a 4500
003 UA-OsUOA
001 15558
007 ta
008 20031117b un ||||| |||| 00| 0 ukr d
100 _aЛук'янчук В.
942 _cSA
040 _aUA-OsUOA
_cUA-OsUOA
_dUA-OsUOA
245 _a"Інтер-Авто" продовжить життя вашого авто": [Розмова із співласником ТзОВ "Інтер-Авто" В.Лук'янчуком ]
_cВ. Лук'янчук; /Спілкувався О.Ольховик
300 _aС.5
955 _a0
773 0 _w0
_tІмідж
_dРівне
_d2003
_g№5/Берез./
650 7 _aКраєзнавча робота
_2UDC
999 _c301723
_d301723